[Event "Dresden ZMD op"]
[Site "Dresden"]
[Date "2005.07.30"]
[Round "8"]
[White "Siepmann, Martin"]
[Black "Kabisch, Thilo"]
[Result "1/2-1/2"]
[WhiteElo "2164"]
[BlackElo "2327"]
[PlyCount "168"]
[EventDate "2005.07.23"]
[EventType "swiss"]
[EventRounds "9"]
[EventCountry "GER"]
[SourceTitle "EXT 2006"]
[Source "ChessBase"]
[SourceDate "2005.11.24"]
[SourceVersion "1"]
[SourceVersionDate "2005.11.24"]
[SourceQuality "1"]

1. d4 Nf6 2. c4 g6 3. Nc3 Bg7 4. e4 d6 5. Nf3 0-0 6. Be2 e5 7. 0-0 Nc6 8. d5 Ne7 9. b4 Ne8 10. c5 f5 11. Nd2 Nf6 12. f3 Bh6 13. Nc4 Bxc1 14. Rxc1 f4 15. cxd6 cxd6 16. Nb5 Ne8 17. Qb3 Kh8 18. Qb2 Kg8 19. Nbxd6 Nxd6 20. Qxe5 Ne8 21. b5 Bd7 22. d6 Nc8 23. Qd5+ Kh8 24. e5 Ng7 25. Qxb7 Nb6 26. Na5 Ne6 27. Qe4 Rf5 28. Nc6 Qh4 29. g4 Qg5 30. h4 Qxh4 31. Ne7 Qg3+ 32. Kh1 Rff8 33. a4 Ng5 34. Qd4 Be6 35. Qf2 Qh3+ 36. Qh2 Qxh2+ 37. Kxh2 Nxa4 38. Kg2 Nb6 39. Rh1 Kg7 40. Rc7 Rf7 41. Ra1 Nc8 42. b6 Nxb6 43. Raxa7 Rxa7 44. Rxa7 Nd7 45. Bb5 Nxe5 46. Be8 Kf8 47. Bxf7 Ngxf7 48. Ra8+ Kg7 49. Ra7 Bd7 50. Nd5 Bc6 51. Nxf4 Bxf3+ 52. Kg3 Bxg4 53. Nd5 h5 54. Nb6 Kf6 55. Nd5+ Ke6 56. Nf4+ Kf5 57. Nd5 Nxd6 58. Ne3+ Kg5 59. Nxg4 Ne4+ 60. Kh3 Nxg4 61. Ra5+ Kf4 62. Kh4 Ngf6 63. Rg5 Nd6 64. Rxg6 Nf5+ 65. Kh3 Ne4 66. Rg8 Ng5+ 67. Kh2 Nh6 68. Rh8 Nf3+ 69. Kh1 Kg5 70. Kg2 Nh4+ 71. Kh3 N4f5 72. Ra8 Nf7 73. Ra7 Ne5 74. Rh7 Nh6 75. Rh8 Ng6 76. Rh7 Nf4+ 77. Kh2 h4 78. Rg7+ Kf6 79. Rh7 Kg6 80. Rh8 Ng4+ 81. Kg1 Nh5 82. Kg2 Kg5 83. Rg8+ Kf5 84. Kh3 Ngf6 1/2-1/2

[Event "Dresden ZMD op"]
[Site "Dresden"]
[Date "2005.07.28"]
[Round "6"]
[White "Siepmann, Martin"]
[Black "Jungbluth, Michael"]
[Result "1-0"]
[WhiteElo "2164"]
[BlackElo "2028"]
[PlyCount "45"]
[EventDate "2005.07.23"]
[EventType "swiss"]
[EventRounds "9"]
[EventCountry "GER"]
[SourceTitle "EXT 2006"]
[Source "ChessBase"]
[SourceDate "2005.11.24"]
[SourceVersion "1"]
[SourceVersionDate "2005.11.24"]
[SourceQuality "1"]

1. d4 Nf6 2. Bg5 Ne4 3. Bf4 d5 4. e3 Bf5 5. f3 Nf6 6. c4 c5 7. cxd5 Nxd5 8. Bxb8 Qa5+ 9. Qd2 Qxd2+ 10. Kxd2 Bxb1 11. Bg3 Bg6 12. Bb5+ Kd8 13. Ne2 e6 14. Rad1 cxd4 15. Nxd4 Bb4+ 16. Ke2 Ke7 17. e4 Nf6 18. a3 Bc5 19. Nb3 a6 20. Nxc5 axb5 21. Bd6+ Ke8 22. Nxb7 Nd7 23. Bb4 1-0

[Event "Dortmund op-A"]
[Site "Dortmund"]
[Date "2005.07.09"]
[Round "2"]
[White "Siepmann, Martin"]
[Black "Buchkremer, Felix"]
[Result "1/2-1/2"]
[WhiteElo "2164"]
[BlackElo "2023"]
[PlyCount "79"]
[EventDate "2005.07.08"]
[EventType "swiss"]
[EventRounds "9"]
[EventCountry "GER"]
[SourceTitle "CBM 107 Extra"]
[Source "ChessBase"]
[SourceDate "2005.09.01"]
[SourceVersion "1"]
[SourceVersionDate "2005.09.01"]
[SourceQuality "1"]

1. Nf3 f5 2. g3 Nf6 3. Bg2 g6 4. 0-0 Bg7 5. d4 0-0 6. c3 d5 7. Qb3 c6 8. Bf4 Nbd7 9. Nbd2 h6 10. Be5 Ne4 11. Rad1 Nxe5 12. Nxe5 Nxd2 13. Rxd2 Bxe5 14. dxe5 Qb6 15. Qa3 Rf7 16. b4 f4 17. Rd4 g5 18. gxf4 gxf4 19. Qc1 Qc7 20. Rxf4 Qxe5 21. Rxf7 Kxf7 22. f4 Qf6 23. Qe3 Bf5 24. Rf3 Be4 25. Rg3 Bxg2 26. Kxg2 b6 27. b5 Rg8 28. Qd3 Rxg3+ 29. hxg3 Qe6 30. bxc6 Qxc6 31. Qf5+ Ke8 32. Kh3 Kd8 33. Qe5 a5 34. Qd4 Kc7 35. Qe3 Qc5 36. Qe5+ Qd6 37. Qf5 Qc5 38. Qe5+ Qd6 39. Qd4 Qc5 40. Qe5+ 1/2-1/2

[Event "Dortmund op-A"]
[Site "Dortmund"]
[Date "2005.07.08"]
[Round "1"]
[White "Izrailev, Alexander"]
[Black "Siepmann, Martin"]
[Result "1-0"]
[WhiteElo "2286"]
[BlackElo "2164"]
[PlyCount "51"]
[EventDate "2005.07.08"]
[EventType "swiss"]
[EventRounds "9"]
[EventCountry "GER"]
[SourceTitle "CBM 107 Extra"]
[Source "ChessBase"]
[SourceDate "2005.09.01"]
[SourceVersion "1"]
[SourceVersionDate "2005.09.01"]
[SourceQuality "1"]

1. e4 e6 2. d4 d5 3. e5 c5 4. c3 Bd7 5. Nf3 a6 6. Be2 cxd4 7. cxd4 Bb5 8. Bxb5+ axb5 9. 0-0 Nc6 10. Nc3 b4 11. Ne2 Nge7 12. Bg5 Qb6 13. Ng3 h6 14. Be3 g6 15. Ne1 Bg7 16. h4 b3 17. a3 Ra4 18. Nf3 Nf5 19. Nxf5 gxf5 20. Rc1 Kd7 21. Rc3 Na5 22. Nd2 Rc8 23. Qh5 Rxc3 24. Qxf7+ Kc8 25. bxc3 f4 26. Bxf4 1-0

[Event "Dortmund op-A"]
[Site "Dortmund"]
[Date "2004.07.27"]
[Round "5"]
[White "Siepmann, Martin"]
[Black "Zemella, Christian"]
[Result "1/2-1/2"]
[WhiteElo "2185"]
[BlackElo "1882"]
[PlyCount "54"]
[EventDate "2004.07.??"]
[EventType "swiss"]
[EventRounds "9"]
[EventCountry "GER"]
[SourceTitle "EXT 2006"]
[Source "ChessBase"]
[SourceDate "2005.11.24"]
[SourceVersion "1"]
[SourceVersionDate "2005.11.24"]
[SourceQuality "1"]

1. c4 Nf6 2. Nc3 c5 3. g3 e6 4. Bg2 Nc6 5. Nf3 Be7 6. 0-0 0-0 7. d4 cxd4 8. Nxd4 a6 9. b3 Qc7 10. Bb2 d6 11. e4 Bd7 12. Rc1 Rfd8 13. Nd5 exd5 14. cxd5 Rac8 15. dxc6 bxc6 16. Rc2 c5 17. Ne2 Bc6 18. Nc3 Qb7 19. Nd5 Nxd5 20. exd5 Bb5 21. Re1 Bf8 22. Be4 g6 23. Bf6 Re8 24. h4 Bg7 25. Bxg7 Kxg7 26. h5 Qe7 27. Rc1 Qg5 1/2-1/2

[Event "Dortmund op-A"]
[Site "Dortmund"]
[Date "2004.07.26"]
[Round "4"]
[White "Tereick, Benjamin"]
[Black "Siepmann, Martin"]
[Result "1-0"]
[WhiteElo "2090"]
[BlackElo "2185"]
[PlyCount "57"]
[EventDate "2004.07.??"]
[EventType "swiss"]
[EventRounds "9"]
[EventCountry "GER"]
[SourceTitle "EXT 2006"]
[Source "ChessBase"]
[SourceDate "2005.11.24"]
[SourceVersion "1"]
[SourceVersionDate "2005.11.24"]
[SourceQuality "1"]

1. Nf3 d5 2. g3 Nc6 3. d4 Bg4 4. Bg2 e6 5. 0-0 Nf6 6. c4 Bd6 7. Nc3 0-0 8. cxd5 Nxd5 9. e4 Nxc3 10. bxc3 e5 11. Rb1 Rb8 12. Be3 exd4 13. cxd4 Re8 14. h3 Bh5 15. d5 Ne5 16. Bxa7 Ra8 17. Bd4 Rxa2 18. Bxe5 Bxe5 19. Qb3 Re2 20. Nxe5 Rxe5 21. f4 Rxg2+ 22. Kxg2 Rxe4 23. g4 Re2+ 24. Kf3 Qe7 25. Qd3 Rh2 26. Rbe1 Rxh3+ 27. Kg2 Rxd3 28. Rxe7 Kf8 29. Rfe1 1-0

[Event "Duisburg Grossenbaum op"]
[Site "Duisburg"]
[Date "2004.05.31"]
[Round "7"]
[White "Bakhmatov, Eduard"]
[Black "Siepmann, Martin"]
[Result "1/2-1/2"]
[WhiteElo "2329"]
[BlackElo "2183"]
[PlyCount "88"]
[EventDate "2004.05.28"]
[EventType "swiss"]
[EventRounds "7"]
[EventCountry "GER"]
[SourceTitle "EXT 2006"]
[Source "ChessBase"]
[SourceDate "2005.11.24"]
[SourceVersion "1"]
[SourceVersionDate "2005.11.24"]
[SourceQuality "1"]

1. e4 e6 2. Nf3 d5 3. Nc3 Nf6 4. e5 Ne4 5. Ne2 Bc5 6. d4 Be7 7. Ng3 c5 8. Bd3 Qa5+ 9. c3 cxd4 10. Nxd4 Nc6 11. Nxc6 bxc6 12. Nxe4 dxe4 13. Bxe4 Qxe5 14. Qa4 Bd7 15. 0-0 0-0 16. Bf4 Qf6 17. Rad1 Be8 18. Rfe1 Bc5 19. Bg3 Rd8 20. b4 Bb6 21. Qc2 Rxd1 22. Rxd1 e5 23. Bxh7+ Kh8 24. Be4 c5 25. Rd5 cxb4 26. Bxe5 Qe6 27. Bg3 f5 28. Re5 Qh6 29. Rxf5 Rxf5 30. Bxf5 Ba4 31. Qb1 bxc3 32. h3 Bc6 33. Qb4 Qf6 34. Bc2 Bd5 35. Bh4 g5 36. Bg3 Kg8 37. Qg4 Be6 38. Qa4 Bf7 39. Qe4 Bd4 40. a4 Kg7 41. Qh7+ Kf8 42. Qe4 Kg7 43. Qh7+ Kf8 44. Qe4 Kg7 1/2-1/2

[Event "Duisburg Grossenbaum op"]
[Site "Duisburg"]
[Date "2004.05.29"]
[Round "3"]
[White "Siepmann, Martin"]
[Black "Hausrath, Daniel"]
[Result "0-1"]
[WhiteElo "2183"]
[BlackElo "2452"]
[PlyCount "38"]
[EventDate "2004.05.28"]
[EventType "swiss"]
[EventRounds "7"]
[EventCountry "GER"]
[SourceTitle "EXT 2006"]
[Source "ChessBase"]
[SourceDate "2005.11.24"]
[SourceVersion "1"]
[SourceVersionDate "2005.11.24"]
[SourceQuality "1"]

1. d4 Nf6 2. c4 g6 3. Nc3 Bg7 4. e4 d6 5. h3 Nbd7 6. Nf3 e5 7. d5 Nc5 8. Qc2 a5 9. Be2 0-0 10. g4 c6 11. Bg5 cxd5 12. cxd5 Bd7 13. Nd2 Rc8 14. a4 Qb6 15. Nc4 Qb4 16. Bxf6 Bxf6 17. Nxd6 Nb3 18. Nxc8 Nxa1 19. Qd1 Qxb2 0-1

[Event "Duisburg Grossenbaum op"]
[Site "Duisburg"]
[Date "2004.05.28"]
[Round "1"]
[White "Siepmann, Martin"]
[Black "Sikorski, Thomas"]
[Result "1-0"]
[WhiteElo "2183"]
[BlackElo "1713"]
[PlyCount "57"]
[EventDate "2004.05.28"]
[EventType "swiss"]
[EventRounds "7"]
[EventCountry "GER"]
[SourceTitle "EXT 2006"]
[Source "ChessBase"]
[SourceDate "2005.11.24"]
[SourceVersion "1"]
[SourceVersionDate "2005.11.24"]
[SourceQuality "1"]

1. d4 c6 2. Nf3 d6 3. c4 Bg4 4. Nbd2 Nd7 5. e4 Ngf6 6. Be2 e5 7. d5 c5 8. Ng1 Bxe2 9. Nxe2 Be7 10. Ng3 0-0 11. 0-0 a6 12. a3 b5 13. b4 Nb6 14. Qe2 Qd7 15. Rb1 Na4 16. Rb3 cxb4 17. axb4 bxc4 18. Nxc4 Rfc8 19. Na5 Nc3 20. Qd3 Nb5 21. Nc6 Bf8 22. Nf5 g6 23. Bg5 gxf5 24. Bxf6 f4 25. Qf3 Rxc6 26. Qh5 h6 27. Rh3 Rc3 28. f3 Qc8 29. Qxh6 1-0

[Event "Bethune op 24th"]
[Site "Bethune"]
[Date "2003.12.26"]
[Round "1"]
[White "Degraeve, Jean Marc"]
[Black "Siepmann, Martin"]
[Result "1-0"]
[WhiteElo "2562"]
[BlackElo "2127"]
[PlyCount "83"]
[EventDate "2003.12.26"]
[EventType "swiss"]
[EventRounds "9"]
[EventCountry "FRA"]
[SourceTitle "CBM 098 Extra"]
[Source "ChessBase"]
[SourceDate "2004.03.10"]
[SourceVersion "2"]
[SourceVersionDate "2004.03.10"]
[SourceQuality "1"]

1. e4 e6 2. d4 d5 3. Nd2 c5 4. Ngf3 Nc6 5. exd5 exd5 6. Bb5 Bd6 7. 0-0 Nge7 8. dxc5 Bxc5 9. Nb3 Bd6 10. Re1 0-0 11. Bg5 Bg4 12. Be2 Qb6 13. h3 Bh5 14. Be3 Qc7 15. Nfd4 Bxe2 16. Qxe2 a6 17. c3 Ne5 18. Bf4 N7g6 19. Bxe5 Bxe5 20. Rad1 Rfe8 21. Qf3 Rad8 22. Nf5 Re6 23. g3 Rf6 24. Qg4 Re6 25. Re2 Rde8 26. Red2 Bf6 27. Rxd5 Ne5 28. Qf4 Bg5 29. Qb4 Nf3+ 30. Kg2 Ne1+ 31. Kf1 Nc2 32. Qc5 Rc6 33. Qa5 Qc8 34. Rd7 Re1+ 35. Rxe1 Qxd7 36. Qd5 Qc8 37. Re2 g6 38. h4 Bf6 39. Nh6+ Kg7 40. Nxf7 Qh3+ 41. Kg1 Bxh4 42. Ng5 1-0

[Event "Recklinghausen op 14th"]
[Site "Recklinghausen"]
[Date "2003.08.19"]
[Round "2"]
[White "Band, Ruediger"]
[Black "Siepmann, Martin"]
[Result "0-1"]
[WhiteElo "2040"]
[BlackElo "2103"]
[PlyCount "74"]
[EventDate "2003.08.18"]
[EventType "swiss"]
[EventRounds "7"]
[EventCountry "GER"]
[SourceTitle "CBM 095 Extra"]
[Source "ChessBase"]
[SourceDate "2003.09.04"]
[SourceVersion "1"]
[SourceVersionDate "2003.09.04"]
[SourceQuality "1"]

1. e4 e6 2. d4 d5 3. Nc3 Bb4 4. e5 Ne7 5. a3 Bxc3+ 6. bxc3 c5 7. Nf3 b6 8. Bb5+ Bd7 9. Bd3 c4 10. Be2 Ba4 11. 0-0 h6 12. h4 Kd7 13. h5 Qg8 14. Nh4 Qh7 15. Ra2 Na6 16. f4 g6 17. hxg6 fxg6 18. Bg4 Nc7 19. Bh3 Raf8 20. Be3 Rhg8 21. Nf3 Nf5 22. Bxf5 Rxf5 23. Qd2 Rh8 24. Kf2 Rg8 25. Ke1 g5 26. Kd1 gxf4 27. Bxf4 Nb5 28. g3 h5 29. Kc1 h4 30. Nxh4 Rff8 31. Rh1 Qe4 32. Re1 Qh7 33. Rh1 Rg4 34. Rh2 Rfxf4 35. Nf3 Qe4 36. gxf4 Qxf3 37. Rh7+ Kc6 0-1

[Event "Duisburg op 10th"]
[Site "Duisburg"]
[Date "2003.06.07"]
[Round "2"]
[White "Siepmann, Martin"]
[Black "Berelowitsch, Alexander"]
[Result "0-1"]
[WhiteElo "2103"]
[BlackElo "2534"]
[PlyCount "58"]
[EventDate "2003.06.07"]
[EventType "swiss"]
[EventRounds "7"]
[EventCountry "GER"]
[SourceTitle "EXT 2004"]
[Source "ChessBase"]
[SourceDate "2003.11.25"]
[SourceVersion "1"]
[SourceVersionDate "2003.11.25"]
[SourceQuality "1"]

1. c4 e6 2. Nc3 d5 3. d4 c5 4. e3 Nf6 5. Nf3 Nc6 6. Be2 Bd6 7. 0-0 0-0 8. a3 a6 9. dxc5 Bxc5 10. b4 Bd6 11. Bb2 dxc4 12. Bxc4 Qe7 13. Qc2 Ne5 14. Be2 Bd7 15. Nxe5 Bxe5 16. Bf3 Rac8 17. Qb3 Bc6 18. Bxc6 Rxc6 19. h3 Bxc3 20. Bxc3 Ne4 21. Rfc1 Rfc8 22. Bb2 Qh4 23. g3 Nxg3 24. Rxc6 Rxc6 25. fxg3 Qxg3+ 26. Kf1 Qxh3+ 27. Ke1 Qg3+ 28. Ke2 Qg2+ 29. Kd1 h5 0-1

[Event "DLM U20"]
[Site "Werfen"]
[Date "2002.08.01"]
[Round "6.3"]
[White "Herzenstein, Georg"]
[Black "Siepmann, Martin"]
[Result "0-1"]
[WhiteElo "2171"]
[BlackElo "2046"]
[PlyCount "93"]
[EventDate "2002.07.28"]
[EventType "team-swiss"]
[EventRounds "7"]
[EventCountry "GER"]
[SourceTitle "CBM 089 Extra"]
[Source "ChessBase"]
[SourceDate "2002.09.10"]
[SourceVersion "2"]
[SourceVersionDate "2002.09.10"]
[SourceQuality "1"]

1. e4 e6 2. b3 d5 3. Bb2 Nf6 4. e5 Ng8 5. f4 c5 6. c4 Ne7 7. Nc3 Nbc6 8. Nf3 Nf5 9. a3 Be7 10. Bd3 dxc4 11. Bxc4 0-0 12. 0-0 Bd7 13. Ne2 a6 14. Ng3 b5 15. Nxf5 exf5 16. Be2 Qb6 17. Kh1 Be6 18. Ng5 Rad8 19. Nxe6 fxe6 20. a4 Nd4 21. axb5 axb5 22. Bxd4 Rxd4 23. Ra2 Rfd8 24. Qc1 R8d7 25. Rf3 Re4 26. Bf1 h6 27. Qa1 Red4 28. Rf2 c4 29. Ra6 Qc5 30. bxc4 bxc4 31. Rxe6 Rxd2 32. Rxd2 Rxd2 33. Bxc4 Qxc4 34. Rxe7 Qe2 35. Qa8+ Kh7 36. Rxg7+ Kxg7 37. Qb7+ Kg6 38. Qc6+ Kh5 39. Qe8+ Kh4 40. Qe7+ Kg4 41. Qg7+ Kxf4 42. Qxh6+ Kxe5 43. Qg7+ Ke4 44. Qe7+ Kd4 45. Qd6+ Kc3 46. Qc6+ Kd3 47. g4 0-1

[Event "DLM U20"]
[Site "Werfen"]
[Date "2002.07.30"]
[Round "4.3"]
[White "Heinz, Axel"]
[Black "Siepmann, Martin"]
[Result "1-0"]
[WhiteElo "2173"]
[BlackElo "2046"]
[PlyCount "107"]
[EventDate "2002.07.28"]
[EventType "team-swiss"]
[EventRounds "7"]
[EventCountry "GER"]
[SourceTitle "CBM 089 Extra"]
[Source "ChessBase"]
[SourceDate "2002.09.10"]
[SourceVersion "2"]
[SourceVersionDate "2002.09.10"]
[SourceQuality "1"]

1. e4 e6 2. d4 d5 3. Nd2 Nc6 4. Ngf3 Nf6 5. e5 Nd7 6. Bb5 Be7 7. 0-0 a6 8. Bxc6 bxc6 9. Nb3 0-0 10. Be3 a5 11. a4 f6 12. exf6 Bxf6 13. Qd2 e5 14. Nxa5 Ra6 15. Nb3 e4 16. Ne1 Ra8 17. f3 Ba6 18. Rf2 c5 19. fxe4 dxe4 20. c3 Bh4 21. Rxf8+ Qxf8 22. Nc2 Bd3 23. Nxc5 Nxc5 24. dxc5 Rxa4 25. Rd1 Be7 26. Nb4 Bxc5 27. Nxd3 exd3 28. Qxd3 Qd6 29. Bxc5 Qxc5+ 30. Kh1 Ra8 31. b4 Qh5 32. h3 c6 33. Rf1 Re8 34. Qd7 Qg6 35. c4 Re7 36. Qd8+ Re8 37. Qd4 Re4 38. Qd3 Re1 39. Qf3 Rxf1+ 40. Qxf1 Qd6 41. b5 cxb5 42. cxb5 Qb6 43. Qf5 h6 44. Qc8+ Kh7 45. Qc6 Qf2 46. Qe4+ Kh8 47. Kh2 Qf6 48. Qe3 Qd6+ 49. Kh1 Qd1+ 50. Qg1 Qb3 51. b6 Qb5 52. Qd4 Qb1+ 53. Kh2 Qb5 54. Qd8+ 1-0

[Event "NRW-ch U16"]
[Site "Winterberg"]
[Date "2002.04.02"]
[Round "2"]
[White "Hilverda, Alexander"]
[Black "Siepmann, Martin"]
[Result "0-1"]
[WhiteElo "1766"]
[BlackElo "1885"]
[PlyCount "60"]
[EventDate "2002.04.01"]
[EventType "swiss"]
[EventRounds "7"]
[EventCountry "GER"]
[SourceTitle "EXT 2003"]
[Source "ChessBase"]
[SourceDate "2002.11.25"]
[SourceVersion "1"]
[SourceVersionDate "2002.11.25"]
[SourceQuality "1"]

1. e4 e6 2. d4 d5 3. Nc3 Bb4 4. e5 Ne7 5. Bf4 c5 6. Bd2 Nf5 7. Nb5 Bxd2+ 8. Qxd2 a6 9. g4 Qb6 10. gxf5 axb5 11. fxe6 Bxe6 12. Nf3 Nc6 13. Rg1 g6 14. dxc5 Qxc5 15. c3 Ra4 16. b4 Qb6 17. a3 Ke7 18. Nd4 Nxd4 19. Qxd4 Qxd4 20. cxd4 Rha8 21. Rg3 Rxb4 22. axb4 Rxa1+ 23. Ke2 Ra2+ 24. Ke3 Bd7 25. Bg2 Bc6 26. Kd3 Rb2 27. Kc3 Rxf2 28. Bf3 Rxh2 29. Bg2 h5 30. Bf3 Ke6 0-1

[Event "Werther Schloss op-A 8th"]
[Site "Werther"]
[Date "2002.03.24"]
[Round "4"]
[White "Raygrotzki, Norbert"]
[Black "Siepmann, Martin"]
[Result "1/2-1/2"]
[WhiteElo "2062"]
[BlackElo "2066"]
[PlyCount "57"]
[EventDate "2002.03.22"]
[EventType "swiss"]
[EventRounds "5"]
[EventCountry "GER"]
[SourceTitle "CBM 087 Extra"]
[Source "ChessBase"]
[SourceDate "2002.05.03"]
[SourceVersion "2"]
[SourceVersionDate "2002.08.09"]
[SourceQuality "1"]

1. c4 e6 2. g3 Nf6 3. Bg2 d5 4. d4 Be7 5. Nf3 0-0 6. 0-0 dxc4 7. Qc2 a6 8. a4 Bd7 9. Ne5 Bc6 10. Nxc6 Nxc6 11. Bxc6 bxc6 12. Qxc4 Qd5 13. Qxd5 cxd5 14. Bf4 c5 15. dxc5 Bxc5 16. Nd2 Rfc8 17. Rac1 Nd7 18. Nb3 f6 19. Rfd1 g5 20. Bd2 Rab8 21. Nxc5 Nxc5 22. Bc3 Nb3 23. Rb1 Kf7 24. e4 dxe4 25. Rd7+ Kg6 26. Ra7 Nc5 27. Bd4 Nb3 28. Bc3 Nc5 29. Bd4 1/2-1/2

[Event "Ruhrgebiet VK3 0001"]
[Site "Ruhrgebiet"]
[Date "2001.03.18"]
[Round "7"]
[White "Siepmann, Martin"]
[Black "Andrzejewski, Frank"]
[Result "0-1"]
[WhiteElo "1726"]
[BlackElo "1952"]
[PlyCount "70"]
[EventDate "2000.09.17"]
[EventType "team-tourn"]
[EventRounds "9"]
[EventCountry "GER"]
[SourceTitle "EXT 2023"]
[Source "ChessBase"]
[SourceDate "2022.10.05"]
[SourceVersion "1"]
[SourceVersionDate "2022.10.05"]
[SourceQuality "1"]
[WhiteTeam "Bochum SG III"]
[BlackTeam "Muelheim Nord III"]
[WhiteTeamCountry "GER"]
[BlackTeamCountry "GER"]

1. Nf3 d5 2. c4 d4 3. g3 g6 4. d3 Bg7 5. Bg2 c5 6. Na3 Nc6 7. Nc2 f5 8. a3 a5 9. b3 e5 10. Bg5 Qd6 11. 0-0 h6 12. Bc1 Nge7 13. Nfe1 f4 14. Nf3 g5 15. Nd2 b6 16. Ne4 Qg6 17. e3 0-0 18. Ne1 Ra7 19. Nf3 Qh5 20. exf4 exf4 21. gxf4 gxf4 22. Nfd2 Qg6 23. Kh1 Ne5 24. Rg1 Nxd3 25. Bf1 Nxf2+ 26. Nxf2 Bb7+ 27. Bg2 f3 28. Bh3 Qh5 29. Nf1 Kh8 30. Bg4 Qh4 31. Qd2 Ng6 32. Be6 Qf6 33. Bg4 Nf4 34. Ng3 Ne2 35. Re1 Qh4 0-1

[Event "Dortmund op-A"]
[Site "Dortmund"]
[Date "2001.??.??"]
[Round "9"]
[White "Schramm, Bernd"]
[Black "Siepmann, Martin"]
[Result "1/2-1/2"]
[WhiteElo "2142"]
[BlackElo "2048"]
[PlyCount "166"]
[EventDate "2001.07.12"]
[EventType "swiss"]
[EventRounds "11"]
[EventCountry "GER"]
[SourceTitle "EXT 2002"]
[Source "ChessBase"]
[SourceDate "2001.11.25"]
[SourceVersion "1"]
[SourceVersionDate "2001.11.25"]
[SourceQuality "1"]

1. e4 e6 2. d4 d5 3. Nc3 Bb4 4. e5 Ne7 5. a3 Bxc3+ 6. bxc3 c5 7. Qg4 0-0 8. Bd3 f5 9. exf6 Rxf6 10. Bg5 Nd7 11. Bxf6 Nxf6 12. Qd1 Qa5 13. Nf3 Qxc3+ 14. Kf1 c4 15. Be2 Nf5 16. h3 Ne4 17. g4 Neg3+ 18. Kg2 Nxe2 19. Qxe2 Nxd4 20. Nxd4 Qxd4 21. Rad1 Qf6 22. Rhe1 Bd7 23. Qe5 Qxe5 24. Rxe5 b5 25. c3 a5 26. Rb1 Rb8 27. Kf3 d4 28. cxd4 Bc6+ 29. Ke3 Bd5 30. f4 b4 31. axb4 axb4 32. f5 c3 33. Kd3 Ba2 34. Rbe1 b3 35. fxe6 b2 36. Kxc3 b1Q 37. Rxb1 Bxb1 38. d5 Kf8 39. d6 Rc8+ 40. Kd4 Ba2 41. e7+ Ke8 42. Rf5 Kd7 43. Rf8 Re8 44. Ke5 Bc4 45. g5 Bb3 46. h4 Rxe7+ 47. dxe7 Kxe7 48. Rb8 Ba2 49. Rb7+ Kf8 50. h5 Kg8 51. h6 gxh6 52. Kf6 Kh8 53. g6 hxg6 54. Kxg6 Bg8 55. Rc7 Bd5 56. Rh7+ Kg8 57. Rd7 Be4+ 58. Kf6 h5 59. Re7 Bd3 60. Re5 Bc2 61. Rxh5 Bd3 62. Rg5+ Kh8 63. Rg3 Bc2 64. Kf7 Bh7 65. Rg4 Bd3 66. Rg8+ Kh7 67. Rg3 Bc4+ 68. Kf6 Bd5 69. Rg7+ Kh8 70. Rg5 Bg8 71. Kg6 Bh7+ 72. Kh6 Bg8 73. Kg6 Bh7+ 74. Kf7 Bd3 75. Rh5+ Bh7 76. Rg5 Bd3 77. Rc5 Be4 78. Re5 Bd3 79. Re3 Bc2 80. Ra3 Be4 81. Ra5 Bd3 82. Ra8+ Kh7 83. Ra4 Kh8 1/2-1/2

[Event "Dortmund op-A"]
[Site "Dortmund"]
[Date "2001.??.??"]
[Round "1"]
[White "Siepmann, Martin"]
[Black "Bashilin, Roman"]
[Result "1/2-1/2"]
[WhiteElo "2048"]
[BlackElo "2354"]
[PlyCount "100"]
[EventDate "2001.07.12"]
[EventType "swiss"]
[EventRounds "11"]
[EventCountry "GER"]
[SourceTitle "EXT 2002"]
[Source "ChessBase"]
[SourceDate "2001.11.25"]
[SourceVersion "1"]
[SourceVersionDate "2001.11.25"]
[SourceQuality "1"]

1. Nf3 d5 2. b3 Nf6 3. Bb2 Bf5 4. e3 h6 5. d3 e6 6. Nbd2 Be7 7. Be2 0-0 8. 0-0 Nbd7 9. Re1 c6 10. c4 a5 11. Ne5 Nc5 12. a3 Bd6 13. d4 Bxe5 14. dxe5 Nfe4 15. Nf3 dxc4 16. Bxc4 Qxd1 17. Raxd1 b5 18. Be2 Nxb3 19. Nd4 Nxd4 20. exd4 Rac8 21. f3 Ng5 22. h4 Nh7 23. Rc1 Bg6 24. Rc5 f6 25. Rec1 fxe5 26. Rxc6 Rxc6 27. Rxc6 exd4 28. Bxd4 b4 29. axb4 axb4 30. Rb6 Nf6 31. Rxb4 Nd5 32. Rb7 Rf7 33. Rxf7 Kxf7 34. Be5 Nb4 35. g3 Nc6 36. Bc3 e5 37. Kf2 Ke6 38. Ke3 Bb1 39. Bd3 Bxd3 40. Kxd3 Kf5 41. Ke3 h5 42. Kd3 g6 43. Ke3 Ne7 44. Kf2 Nd5 45. Bd2 e4 46. fxe4+ Kxe4 47. Ke2 Ne7 48. Bf4 Nf5 49. Bb8 Nd4+ 50. Kf2 Kf5 1/2-1/2

[Event "Dortmund op-A"]
[Site "Dortmund"]
[Date "2001.??.??"]
[Round "4"]
[White "Siepmann, Martin"]
[Black "Kleinegger, Frank"]
[Result "0-1"]
[WhiteElo "2048"]
[BlackElo "2244"]
[PlyCount "36"]
[EventDate "2001.07.12"]
[EventType "swiss"]
[EventRounds "11"]
[EventCountry "GER"]
[SourceTitle "EXT 2002"]
[Source "ChessBase"]
[SourceDate "2001.11.25"]
[SourceVersion "1"]
[SourceVersionDate "2001.11.25"]
[SourceQuality "1"]

1. Nf3 d5 2. b3 Nf6 3. Bb2 g6 4. Bxf6 exf6 5. c4 d4 6. e3 dxe3 7. fxe3 f5 8. Nc3 Bg7 9. d4 0-0 10. Bd3 Re8 11. 0-0 Rxe3 12. Nd5 Re8 13. Re1 Rxe1+ 14. Qxe1 Nc6 15. Nxc7 Qxc7 16. Qe8+ Bf8 17. d5 Nd8 18. Ng5 Qe7 0-1